000 00534cam a2200181 4500500
005 20260329003407.0
041 _afre
042 _adc
100 1 0 _aPersonne, Thomas
_eauthor
245 0 0 _aMartin Heidegger
260 _c2015.
500 _a45
690 _aGeorge Steiner
690 _aHeidegger
690 _aPhilippe Nassif
786 0 _nPhilosophie magazine | 91 | 8 | 2015-07-01 | p. 66-66 | 1951-1787
856 4 1 _uhttps://shs.cairn.info/magazine-philosophie-magazine-2015-8-page-66?lang=fr&redirect-ssocas=7080
999 _c1824210
_d1824210